000 01006nam a2200277 i 4500
003 DO-SdBNP
005 20240316073902.0
007 ta
008 230704b2004 dr ||||| |||| 00| 0 spa d
020 _a9993455377
040 _aDO-SdBNP
_bspa
_cBNPHU
_erda
082 4 _222
100 _914157
_aRamírez Córdova, Antonio,
_d1941-
_eautor
245 1 0 _aHaiku :
_bétonnement indéclinable /
_cAntonio Ramírez Córdova ; traducción al francés, Agustín González Guzmán ; edición, Tomás Castro Burdiez
264 1 _aSanto Domingo :
_bMediabyte,
_c2004.
300 _a111 páginas ;
_c21 cm.
336 _2rdacontent
_atexto
_btxt
337 _2rdamedia
_asin mediación
_bn
338 _2rdacarrier
_avolumen
_bnc
500 _aIncluye datos biográficos del autor en la contracubierta
590 _aInventariado, 2023/BT
700 1 _aGonzález Guzmán, Agustín,
_etraducción al franc♪0s
_983688
700 _aCastro, Tomás,
_d1959-
_eedición
_924641
910 _aBtavárez
942 _2ddc
_cLBS1
999 _c54090
_d54090